[Event "TCh-CHN 2017"]
[Site "China CHN"]
[Date "2017.04.20"]
[Round "3.6"]
[Board "5"]
[White "Chu, Ruotong"]
[Black "Ding, Yixin"]
[Result "0-1"]
[BlackTitle "WGM"]
[WhiteElo "2166"]
[BlackElo "2424"]
[WhiteTeam "Tianjin"]
[BlackTeam "Zhejiang"]
[WhiteFideId "8605653"]
[BlackFideId "8602972"]
[EventDate "2017.04.18"]

1. d4 Nf6 2. c4 e6 3. g3 d5 4. Bg2 dxc4 5. Qa4+ Bd7 6. Qxc4 Bc6 7. Nf3 Bd5 8.
Qd3 Be4 9. Qd1 c5 10. Nc3 Bc6 11. O-O Nbd7 12. Re1 cxd4 13. Qxd4 Bc5 14. Qf4 Qe7
15. Be3 Bd6 16. Qc4 O-O 17. a3 Rfc8 18. Qb3 h6 19. h3 Nc5 20. Qd1 e5 21. b4 Nce4
22. Nxe4 Nxe4 23. Qb3 a5 24. Nd2 Nxd2 25. Bxd2 a4 26. Qb2 Bxg2 27. Kxg2 Qe6 28.
Rac1 Qd5+ 29. e4 Qb5 30. Bc3 Rc6 31. Qd2 Rd8 32. Bb2 Bc7 33. Qe2 Qxe2 34. Rxe2
Rxc1 35. Bxc1 Rd3 36. Re3 Rd1 37. Rc3 Bb6 38. Kf3 Kf8 39. Ke2 Rh1 40. h4 Ke7 41.
Be3 Bxe3 42. Kxe3 Kd6 43. Kd2 Ra1 44. Ke3 g6 45. Ke2 h5 46. Rf3 Ra2+ 47. Ke1 Ke6
48. Rd3 f5 49. exf5+ gxf5 50. Rc3 Kd5 51. Rd3+ Ke4 52. Re3+ Kd4 53. Rf3 f4 54.
gxf4 Ke4 55. Rc3 exf4 56. b5 f3 57. Re3+ Kf4 58. Rc3 Kg4 59. Rc4+ Kh3 60. Rc7
Re2+ 61. Kd1 Kg2 62. Rxb7 Kxf2 63. b6 Rb2 64. Rb8 Kg2 65. b7 f2 66. Rg8+ Kh3 67.
Rf8 Kg3 68. Rg8+ Kxh4 69. Rf8 Rxb7 70. Ke2 Rb2+ 71. Kf1 Ra2 72. Rf4+ Kg3 73.
Rf3+ Kg4 74. Rc3 Kf4 75. Kg2 h4 76. Rc4+ Kg5 77. Rc5+ Kf4 78. Rc3 Rb2 79. Rc1
Ke3 80. Rc3+ Ke2 81. Rf3 h3+ 0-1

[Event "TCh-CHN 2017"]
[Site "China CHN"]
[Date "2017.04.21"]
[Round "4.1"]
[Board "1"]
[White "Yu, Yangyi"]
[Black "Li, Yankai"]
[Result "1-0"]
[WhiteTitle "GM"]
[WhiteElo "2751"]
[BlackElo "2456"]
[WhiteTeam "Beijing"]
[BlackTeam "Tianjin"]
[WhiteFideId "8603820"]
[BlackFideId "8609357"]
[EventDate "2017.04.18"]

1. e4 e5 2. Nf3 Nc6 3. Bb5 a6 4. Ba4 Nf6 5. O-O Be7 6. d3 b5 7. Bb3 d6 8. a4 b4
9. a5 O-O 10. Re1 h6 11. Nbd2 Re8 12. c3 Rb8 13. h3 Bf8 14. Nc4 Be6 15. Ba4 Bd7
16. Bd2 bxc3 17. bxc3 Na7 18. Ne3 g6 19. Qc2 Bg7 20. Rab1 Qe7 21. c4 Rec8 22.
Nd5 Nxd5 23. exd5 Bxa4 24. Qxa4 c6 25. Rb6 cxd5 26. cxd5 Nb5 27. Rxa6 Nc3 28.
Bxc3 Rxc3 29. Rb6 Ra8 30. a6 Rc7 31. Reb1 Kh7 32. Rb7 Ra7 33. Qc6 Rxc6 34. dxc6 1-0

[Event "TCh-CHN 2017"]
[Site "China CHN"]
[Date "2017.04.21"]
[Round "4.1"]
[Board "2"]
[White "Li, Chao b"]
[Black "Wang, Yue"]
[Result "1/2-1/2"]
[WhiteTitle "GM"]
[BlackTitle "GM"]
[WhiteElo "2732"]
[BlackElo "2690"]
[WhiteTeam "Beijing"]
[BlackTeam "Tianjin"]
[WhiteFideId "8604436"]
[BlackFideId "8601429"]
[EventDate "2017.04.18"]

1. d4 d5 2. c4 dxc4 3. Nf3 Nf6 4. e3 e6 5. Bxc4 c5 6. O-O a6 7. dxc5 Qxd1 8.
Rxd1 Bxc5 9. Be2 Nbd7 10. Nbd2 O-O 11. Nc4 b6 12. b3 Bb7 13. Bb2 Bd5 14. Nfe5 b5
15. Nxd7 Nxd7 16. e4 Bxe4 17. Rxd7 bxc4 18. Rc1 Rfc8 19. Bxc4 a5 20. a4 Bc6 21.
Rd3 Be4 22. Rd7 Bc6 23. Rdd1 h5 24. Kf1 Bb4 25. h3 Kf8 26. f3 g6 27. Bf6 Be7 28.
Bb2 Bb4 29. Bf6 Be7 30. Bb2 1/2-1/2

[Event "TCh-CHN 2017"]
[Site "China CHN"]
[Date "2017.04.21"]
[Round "4.1"]
[Board "3"]
[White "Wang, Yiye"]
[Black "Malakhov, Vladimir"]
[Result "0-1"]
[WhiteTitle "IM"]
[BlackTitle "GM"]
[WhiteElo "2435"]
[BlackElo "2686"]
[WhiteTeam "Beijing"]
[BlackTeam "Tianjin"]
[WhiteFideId "8606021"]
[BlackFideId "4120787"]
[EventDate "2017.04.18"]

1. Nf3 g6 2. c4 Bg7 3. g3 c5 4. Bg2 Nc6 5. Nc3 d6 6. d3 e5 7. a3 Nge7 8. Rb1 a5
9. O-O O-O 10. Ne1 Be6 11. Nc2 d5 12. cxd5 Nxd5 13. Ne3 Nde7 14. Nc4 Rb8 15. f4
b5 16. Nxe5 Nxe5 17. fxe5 Bxe5 18. Bf4 Bxf4 19. Rxf4 f5 20. Rc1 Qd6 21. Qd2 b4
22. Nd1 c4 23. axb4 Rxb4 24. Qe3 cxd3 25. exd3 Rxf4 26. Qxf4 Qxf4 27. gxf4 Rd8
28. Rc3 Rd4 29. Ne3 Rxf4 30. Nc4 a4 31. Ra3 Rd4 32. Bf1 Bd7 33. Kf2 Rf4+ 34. Ke1
Nd5 35. b3 Nb4 0-1

[Event "TCh-CHN 2017"]
[Site "China CHN"]
[Date "2017.04.21"]
[Round "4.1"]
[Board "4"]
[White "Xiao, Yiyi"]
[Black "Zhao, Xue"]
[Result "1/2-1/2"]
[WhiteTitle "WFM"]
[BlackTitle "GM"]
[WhiteElo "2311"]
[BlackElo "2477"]
[WhiteTeam "Tianjin"]
[BlackTeam "Beijing"]
[WhiteFideId "8606161"]
[BlackFideId "8601283"]
[EventDate "2017.04.18"]

1. Nf3 d5 2. d4 Nf6 3. c4 e6 4. g3 dxc4 5. Bg2 Nc6 6. O-O Be7 7. Qa4 Bd7 8. Qxc4
Na5 9. Qd3 c5 10. dxc5 Bxc5 11. Ne5 O-O 12. Nxd7 Qxd7 13. Qxd7 Nxd7 14. Nc3 Rac8
15. Rd1 Rfd8 16. Ne4 Be7 17. Bd2 Nc4 18. Bc3 b5 19. Rac1 Ndb6 20. Rxd8+ Rxd8 21.
b3 Na3 22. Ba5 b4 23. Rc7 Rd1+ 24. Bf1 Nd7 25. Rc8+ Nf8 26. Nc5 Nb1 27. Bxb4 Rc1
28. Rc7 Ng6 29. e3 a5 30. Rc8+ Nf8 31. Bxa5 Rxc5 32. Rxc5 Bxc5 33. a4 Nd7 34.
Bd3 Na3 35. Kf1 Ne5 36. Ke2 Nc6 37. Bc3 f5 38. Kd2 Kf7 39. Kc1 Nb4 40. Be2 Na2+
41. Kb2 Nxc3 42. Kxc3 Nb1+ 43. Kc2 Na3+ 44. Kc3 Nb1+ 45. Kc2 Na3+ 46. Kc3 1/2-1/2

[Event "TCh-CHN 2017"]
[Site "China CHN"]
[Date "2017.04.21"]
[Round "4.1"]
[Board "5"]
[White "Chu, Ruotong"]
[Black "Wang, Jue"]
[Result "1/2-1/2"]
[BlackTitle "WGM"]
[WhiteElo "2166"]
[BlackElo "2359"]
[WhiteTeam "Tianjin"]
[BlackTeam "Beijing"]
[WhiteFideId "8605653"]
[BlackFideId "8604070"]
[EventDate "2017.04.18"]

1. d4 d5 2. Nf3 Nf6 3. g3 g6 4. Bg2 Bg7 5. c4 c6 6. cxd5 cxd5 7. Ne5 O-O 8. Nc3
b6 9. O-O Bb7 10. Bf4 Nc6 11. Qd2 Rc8 12. Rac1 a6 13. Nxc6 Bxc6 14. Rfd1 e6 15.
Rc2 b5 16. Rdc1 Qb6 17. Be5 Rfd8 18. a3 Qb7 19. h3 a5 20. Na2 Qb6 21. Qe3 Re8
22. Nc3 Qb7 23. Na2 Nd7 24. Bxg7 Kxg7 25. Qd2 Qb6 26. Nc3 Bb7 27. Na2 Bc6 28.
Nc3 h5 29. e3 Nf6 30. Bf1 Bd7 31. Na2 Ne4 32. Qd3 Bc6 33. Nc3 Nd6 34. b3 f5 35.
Na2 h4 36. gxh4 Rh8 37. f3 Rxh4 38. Qd2 Bd7 39. Rxc8 Nxc8 40. Qf2 Rh8 41. Qg3
Nd6 42. Qe5+ Kh7 43. Qf6 Re8 44. Rc2 e5 45. Kh2 exd4 46. exd4 Qb8 47. Kg1 b4 48.
axb4 axb4 49. Nc1 Re6 50. Qh4+ Kg7 51. Nd3 Nf7 52. Nf4 Re3 53. Nxd5 g5 54. Qf2
Rxb3 55. f4 Rb1 56. Rb2 Rxb2 57. Qxb2 Qd6 58. Nxb4 Qxf4 59. Bg2 Qe3+ 60. Qf2
Qxf2+ 61. Kxf2 Kf6 62. Nd5+ Ke6 63. Ne3 Nd6 64. Bd5+ Kf6 65. Bg2 Nb5 66. Nc2 f4
67. d5 Ke5 68. Ne1 Nd6 69. Nf3+ Kf6 70. Nd2 Bb5 71. Kf3 Kf5 72. Kf2 Ke5 73. Nf3+
Kf6 74. Nd2 Bd3 75. Kf3 Ke5 76. Kg4 Nf7 77. Nf3+ Kf6 78. Nxg5 Nxg5 79. Kxf4 1/2-1/2

[Event "TCh-CHN 2017"]
[Site "China CHN"]
[Date "2017.04.21"]
[Round "4.2"]
[Board "2"]
[White "Wang, Tongsen"]
[Black "Xu, Minghui"]
[Result "1-0"]
[WhiteElo "2395"]
[BlackElo "2316"]
[WhiteTeam "Qingdao"]
[BlackTeam "Zhejiang"]
[WhiteFideId "8608067"]
[BlackFideId "8606790"]
[EventDate "2017.04.18"]

1. e4 e5 2. Nc3 Nf6 3. g3 d5 4. exd5 Nxd5 5. Bg2 Nf6 6. Nf3 Nc6 7. O-O Bc5 8. a3
a5 9. d3 h6 10. Be3 Bxe3 11. fxe3 O-O 12. Nd2 Bg4 13. Qe1 Be6 14. Nde4 Nxe4 15.
Nxe4 Bd5 16. c4 Bxe4 17. Bxe4 a4 18. Qc3 Qd6 19. Bd5 Rad8 20. Rad1 Qc5 21. d4
exd4 22. exd4 Qd6 23. Qc2 Ne7 24. Bxb7 c6 25. c5 Qb8 26. Ba6 Nd5 27. Rd3 Rfe8
28. Qf2 Re7 29. Rf3 f6 30. Bc4 Qc8 31. Qc2 Kh8 32. Qg6 Qe6 33. Bd3 Kg8 34. Bc2
Rb7 35. Qh7+ Kf8 36. Qh8+ Qg8 37. Qxg8+ Kxg8 38. Bxa4 Rxb2 39. Bxc6 Ne7 40. Be4
Rxd4 41. Rf4 Kh8 42. Bg2 Rd3 43. Re1 Ng6 44. Rb4 Rbd2 45. Be4 Ne5 46. c6 f5 47.
Rb8+ Kh7 48. Bxf5+ g6 49. Rb7+ 1-0

[Event "TCh-CHN 2017"]
[Site "China CHN"]
[Date "2017.04.21"]
[Round "4.2"]
[Board "3"]
[White "Ma, Zhonghan"]
[Black "Lu, Shanglei"]
[Result "0-1"]
[WhiteTitle "IM"]
[BlackTitle "GM"]
[WhiteElo "2471"]
[BlackElo "2641"]
[WhiteTeam "Qingdao"]
[BlackTeam "Zhejiang"]
[WhiteFideId "8607206"]
[BlackFideId "8603332"]
[EventDate "2017.04.18"]

1. d4 d6 2. e4 g6 3. Nf3 Bg7 4. Nc3 Nc6 5. d5 Nb8 6. Bg5 c6 7. Be2 Nf6 8. O-O
Bg4 9. Re1 Nbd7 10. Nd2 Bxe2 11. Qxe2 h6 12. Bf4 O-O 13. a4 Rc8 14. a5 cxd5 15.
exd5 Rxc3 16. bxc3 Nxd5 17. Bg3 Bxc3 18. Ra3 Bxa5 19. c4 N5f6 20. Bf4 Kg7 21.
Qe3 Rh8 22. Qxa7 b6 23. Qb7 g5 24. Be3 Ne5 25. Raa1 Qc8 26. Qxc8 Rxc8 27. Rec1
Bxd2 28. Bxd2 Nxc4 29. Ra4 d5 30. Bc3 Kg6 31. Rb4 Ne4 32. Bd4 Ned6 33. Re1 b5
34. g4 Rc7 35. Ba1 f6 36. Rd1 e6 37. Rb3 Ra7 38. Bd4 Ra4 39. f3 e5 40. Bc5 d4
41. Rc1 Kf7 42. Bxd6 Nxd6 43. Rc6 Ke7 44. Kg2 Ra2+ 45. Kg3 Kd7 46. Rc5 Ke6 47.
Rd3 f5 48. gxf5+ Nxf5+ 49. Kh3 Rb2 50. Ra3 Ne3 51. Ra6+ Kf5 52. Rc8 g4+ 53.
fxg4+ Ke4 54. Rxh6 d3 55. Rd8 Rxh2+ 56. Kxh2 Nxg4+ 57. Kg2 Nxh6 58. Kf1 Ke3 59.
Rd5 e4 60. Rxb5 Kd2 61. Rb2+ Kc1 62. Ra2 Nf5 63. Ra1+ Kc2 64. Ra2+ Kb3 65. Ra5
Nd4 66. Kf2 Nc2 67. Re5 e3+ 68. Kf3 e2 0-1

[Event "TCh-CHN 2017"]
[Site "China CHN"]
[Date "2017.04.21"]
[Round "4.2"]
[Board "4"]
[White "Ding, Yixin"]
[Black "Gong, Qianyun"]
[Result "1/2-1/2"]
[WhiteTitle "WGM"]
[BlackTitle "WIM"]
[WhiteElo "2424"]
[BlackElo "2280"]
[WhiteTeam "Zhejiang"]
[BlackTeam "Qingdao"]
[WhiteFideId "8602972"]
[BlackFideId "8602425"]
[EventDate "2017.04.18"]

1. e4 e6 2. d4 d5 3. Nc3 Nc6 4. Nf3 Nf6 5. e5 Ne4 6. Bd3 Bb4 7. Bd2 Nxd2 8. Qxd2
f6 9. exf6 Qxf6 10. O-O O-O 11. Rae1 a6 12. Qe3 Bd7 13. a3 Ba5 14. Ne5 Nxe5 15.
Qxe5 Bb6 16. Qxf6 gxf6 17. Ne2 Rae8 18. c4 dxc4 19. Bxc4 Bb5 20. Bxb5 axb5 21.
Nf4 Kf7 22. d5 e5 23. Ne6 Rg8 24. Rc1 c6 25. Nc5 cxd5 26. Nxb7 Re6 27. Rfd1 Rb8
28. Nc5 Rd6 29. Na6 Rb7 30. Kf1 Bd4 31. Rc7+ Rd7 32. Rc2 Rd6 33. Rc7+ Rd7 34.
Rc2 Rd6 35. Rc7+ 1/2-1/2

[Event "TCh-CHN 2017"]
[Site "China CHN"]
[Date "2017.04.21"]
[Round "4.2"]
[Board "5"]
[White "Zhu, Jiner"]
[Black "Sun, Fanghui"]
[Result "1-0"]
[WhiteElo "2324"]
[BlackElo "2126"]
[WhiteTeam "Zhejiang"]
[BlackTeam "Qingdao"]
[WhiteFideId "8608059"]
[BlackFideId "8604150"]
[EventDate "2017.04.18"]

1. e4 c5 2. Nf3 d6 3. d4 cxd4 4. Nxd4 Nf6 5. Nc3 a6 6. Be3 e5 7. Nb3 Be6 8. Qd2
Be7 9. O-O-O O-O 10. f4 b5 11. f5 Bc4 12. Kb1 Nbd7 13. g4 Bxf1 14. Rhxf1 b4 15.
Nd5 Nxd5 16. exd5 a5 17. g5 Re8 18. g6 Bf6 19. Qg2 Qe7 20. gxf7+ Qxf7 21. Nd2
Be7 22. Ne4 Kh8 23. Rf3 Rab8 24. Rg1 Nb6 25. Bxb6 Rxb6 26. f6 gxf6 27. Rg3 Rbb8
28. Rg7 Qf8 29. Rxh7+ Kxh7 30. Qg6+ 1-0

[Event "TCh-CHN 2017"]
[Site "China CHN"]
[Date "2017.04.21"]
[Round "4.3"]
[Board "1"]
[White "Sethuraman, S.P."]
[Black "Zhao, Yuanhe"]
[Result "1-0"]
[WhiteTitle "GM"]
[WhiteElo "2646"]
[BlackElo "2394"]
[WhiteTeam "Shenzhen"]
[BlackTeam "Chengdu"]
[WhiteFideId "5021596"]
[BlackFideId "8609497"]
[EventDate "2017.04.18"]

1. d4 d5 2. c4 c6 3. Nf3 Nf6 4. e3 e6 5. b3 Nbd7 6. Bd3 Bd6 7. Bb2 O-O 8. O-O b6
9. Nc3 Bb7 10. Qc2 Qe7 11. Rfe1 Rfe8 12. e4 dxc4 13. Bxc4 e5 14. Ng5 Rf8 15. f4
Nh5 16. Nxf7 Rxf7 17. fxe5 Nxe5 18. dxe5 Bc5+ 19. Kh1 Ba6 20. Bxf7+ Qxf7 21. Ne2
Qf2 22. b4 Bxb4 23. Qb3+ Kh8 24. Qxb4 Bxe2 25. Bd4 Qh4 26. Qc3 Qxe4 27. Be3 Bg4
28. Bxb6 Qd5 29. Be3 Re8 30. Qd4 Be6 31. Rf1 a6 32. a4 Qxd4 33. Bxd4 g5 34. g3
Ng7 35. Kg1 Bc4 36. Rfc1 Bd5 37. Rab1 Ne6 38. Be3 Rf8 39. Rb7 Rf3 40. Re1 h5 41.
Ra7 h4 42. Rb1 Rf8 43. Rbb7 h3 44. Bc5 Rc8 45. Be3 Rf8 46. Rh7+ Kg8 47. Rh6 Rb8
48. Rg6+ Kh8 49. Rh6+ Kg8 50. Rxh3 Rb1+ 51. Kf2 Rb2+ 52. Ke1 Bc4 53. Kd1 Bb3+
54. Kc1 Rc2+ 55. Kb1 Re2 56. Bb6 c5 57. Rh6 Bd5 58. Rg6+ Kh8 59. Rf6 c4 60. Ba5
Be4+ 61. Ka1 Bd5 62. Rd7 1-0

[Event "TCh-CHN 2017"]
[Site "China CHN"]
[Date "2017.04.21"]
[Round "4.3"]
[Board "2"]
[White "Liu, Qingnan"]
[Black "Xu, Xiangyu"]
[Result "1/2-1/2"]
[WhiteTitle "GM"]
[BlackTitle "GM"]
[WhiteElo "2522"]
[BlackElo "2549"]
[WhiteTeam "Shenzhen"]
[BlackTeam "Chengdu"]
[WhiteFideId "8603294"]
[BlackFideId "8608288"]
[EventDate "2017.04.18"]

1. e4 e5 2. Nf3 Nf6 3. Nxe5 d6 4. Nf3 Nxe4 5. d4 d5 6. Bd3 Bd6 7. O-O O-O 8. c4
c6 9. Nc3 Nxc3 10. bxc3 dxc4 11. Bxc4 Bf5 12. Bd3 Bxd3 13. Qxd3 Nd7 14. Qf5 Re8
15. Bg5 Qc7 16. Rfe1 Nf8 17. Rab1 b6 18. g3 Qd7 19. Qd3 Bc7 20. c4 h6 21. Be3
Rad8 22. Rbd1 b5 23. Rc1 Bb6 24. Qc3 Ng6 25. Ne5 Bxd4 26. Bxd4 Qxd4 27. Nxc6
Qxc3 28. Rxe8+ Rxe8 29. Rxc3 bxc4 30. Rxc4 Ne5 1/2-1/2

[Event "TCh-CHN 2017"]
[Site "China CHN"]
[Date "2017.04.21"]
[Round "4.3"]
[Board "3"]
[White "Wang, Hao"]
[Black "Li, Di"]
[Result "1-0"]
[WhiteTitle "GM"]
[BlackTitle "IM"]
[WhiteElo "2709"]
[BlackElo "2485"]
[WhiteTeam "Shenzhen"]
[BlackTeam "Chengdu"]
[WhiteFideId "8602883"]
[BlackFideId "8607508"]
[EventDate "2017.04.18"]

1. Nf3 d5 2. g3 g6 3. Bg2 Bg7 4. d4 Nd7 5. c4 dxc4 6. Nc3 c6 7. a4 a5 8. O-O
Ngf6 9. e4 O-O 10. Qe2 Nb6 11. h3 e5 12. dxe5 Nfd7 13. Rd1 Qc7 14. Be3 Re8 15.
Qd2 Bf8 16. Bf4 Nc5 17. e6 Qe7 18. exf7+ Qxf7 19. Qe3 Ra6 20. Bd6 Nd3 21. Bxf8
Qxf8 22. Ne1 Nd5 23. Nxd5 cxd5 24. Nxd3 cxd3 25. e5 Qf5 26. Rac1 Bd7 27. Bxd5+
Kh8 28. Qxd3 Rxe5 29. Qc3 Rf6 30. f4 Re7 31. g4 Qxf4 32. Rf1 1-0

[Event "TCh-CHN 2017"]
[Site "China CHN"]
[Date "2017.04.21"]
[Round "4.3"]
[Board "4"]
[White "Ren, Xiaoyi"]
[Black "Liu, Shilan"]
[Result "0-1"]
[BlackTitle "WGM"]
[WhiteElo "2254"]
[BlackElo "2083"]
[WhiteTeam "Chengdu"]
[BlackTeam "Shenzhen"]
[WhiteFideId "8608709"]
[BlackFideId "8600279"]
[EventDate "2017.04.18"]

1. d4 Nf6 2. g3 c5 3. c3 e6 4. Bg2 d5 5. Nf3 Be7 6. O-O O-O 7. dxc5 Bxc5 8. Nbd2
Nc6 9. Qc2 b6 10. e4 Bb7 11. exd5 Qxd5 12. Nh4 Qd7 13. Nb3 Be7 14. Bg5 Rad8 15.
Rad1 Qc8 16. Bxf6 Bxf6 17. Nf3 g6 18. a3 Bg7 19. h4 h5 20. Rfe1 Rxd1 21. Rxd1
Rd8 22. Ng5 Rxd1+ 23. Qxd1 Qd8 24. Qe2 Qe7 25. Nd2 Ne5 26. Nde4 Bd5 27. Nd2 Bxg2
28. Kxg2 Qd7 29. Ndf3 Qd3 30. Qe1 Qd5 31. Qd2 Nc4 32. Qe2 b5 33. Kg1 a5 34. Ne1
a4 35. Ng2 Qf5 36. Nf4 Bh6 37. Kg2 Bxg5 38. hxg5 Qxg5 39. Qf3 Nxb2 40. Qa8+ Kg7
41. Qb8 Nc4 42. Qc7 Qe5 43. Qe7 Nd6 44. Qd7 Ne4 45. Ne2 Nxc3 46. Nxc3 Qxc3 47.
Qxb5 Qxa3 48. Qe5+ Kg8 49. Qd4 Qb3 50. Qd8+ Kg7 51. Qd4+ Kh7 52. Qf4 e5 0-1

[Event "TCh-CHN 2017"]
[Site "China CHN"]
[Date "2017.04.21"]
[Round "4.3"]
[Board "5"]
[White "Shvayger, Yuliya"]
[Black "Huang, Qian"]
[Result "1/2-1/2"]
[WhiteTitle "IM"]
[BlackTitle "WGM"]
[WhiteElo "2433"]
[BlackElo "2438"]
[WhiteTeam "Chengdu"]
[BlackTeam "Shenzhen"]
[WhiteFideId "14100126"]
[BlackFideId "8602689"]
[EventDate "2017.04.18"]

1. e4 c5 2. Nf3 d6 3. d4 cxd4 4. Nxd4 Nf6 5. Nc3 a6 6. g3 e5 7. Nb3 Be7 8. Bg2
O-O 9. O-O Be6 10. Re1 Nbd7 11. a4 Qc7 12. Nd2 Qc5 13. Nf1 Bd8 14. Ne3 Ba5 15.
Bd2 Nb6 16. Ncd5 Nbxd5 17. exd5 Bg4 18. Nxg4 Nxg4 19. Bxa5 Nxf2 20. Qe2 Nh3+ 21.
Kh1 Nf2+ 22. Kg1 Nh3+ 23. Kh1 Nf2+ 1/2-1/2

[Event "TCh-CHN 2017"]
[Site "China CHN"]
[Date "2017.04.21"]
[Round "4.4"]
[Board "1"]
[White "Zeng, Chongsheng"]
[Black "Zhao, Jun"]
[Result "1/2-1/2"]
[WhiteTitle "GM"]
[BlackTitle "GM"]
[WhiteElo "2547"]
[BlackElo "2604"]
[WhiteTeam "Chongqing"]
[BlackTeam "Shandong"]
[WhiteFideId "8603847"]
[BlackFideId "8602522"]
[EventDate "2017.04.18"]

1. d4 Nf6 2. c4 e6 3. Nc3 Bb4 4. Qc2 O-O 5. a3 Bxc3+ 6. Qxc3 d6 7. Nf3 Nbd7 8.
g3 b6 9. Bg2 Bb7 10. O-O c5 11. Rd1 Rc8 12. Bg5 Ne4 13. Qd3 Nxg5 14. Nxg5 Qxg5
15. Bxb7 Rcd8 16. Bc6 Qe7 17. Bxd7 Rxd7 18. b4 cxd4 19. Qxd4 Rc8 20. Rac1 Rdd8
21. Rc3 Qc7 22. Rdd3 h6 23. h4 Qe7 24. Kg2 Qb7+ 25. Kg1 Qe7 26. Kg2 Qb7+ 27. Kg1
Qe7 1/2-1/2

[Event "TCh-CHN 2017"]
[Site "China CHN"]
[Date "2017.04.21"]
[Round "4.4"]
[Board "2"]
[White "Zhou, Weiqi"]
[Black "Bu, Xiangzhi"]
[Result "1/2-1/2"]
[WhiteTitle "GM"]
[BlackTitle "GM"]
[WhiteElo "2613"]
[BlackElo "2730"]
[WhiteTeam "Chongqing"]
[BlackTeam "Shandong"]
[WhiteFideId "8601674"]
[BlackFideId "8601445"]
[EventDate "2017.04.18"]

1. e4 c5 2. Nf3 Nc6 3. Bb5 d6 4. O-O Bd7 5. c3 Nf6 6. Re1 a6 7. Bf1 Bg4 8. h3
Bxf3 9. Qxf3 e6 10. Qg3 Nh5 11. Qe3 Nf6 12. d3 Be7 13. Nd2 O-O 14. Nf3 b5 15.
Bd2 Rb8 16. Red1 Qc7 17. Rac1 a5 18. a3 b4 19. axb4 axb4 20. d4 bxc3 21. Bxc3 d5
22. exd5 Nxd5 23. Qe4 Nxc3 24. bxc3 Rfd8 25. d5 exd5 26. Rxd5 Rxd5 27. Qxd5 Qd6
28. Bc4 Qxd5 29. Bxd5 Nd8 30. c4 Bf6 31. Re1 Kf8 32. Ne5 1/2-1/2

[Event "TCh-CHN 2017"]
[Site "China CHN"]
[Date "2017.04.21"]
[Round "4.4"]
[Board "3"]
[White "Wang, Chen"]
[Black "Wen, Yang"]
[Result "1/2-1/2"]
[WhiteTitle "IM"]
[BlackTitle "GM"]
[WhiteElo "2495"]
[BlackElo "2605"]
[WhiteTeam "Chongqing"]
[BlackTeam "Shandong"]
[WhiteFideId "8601020"]
[BlackFideId "8602956"]
[EventDate "2017.04.18"]

1. e4 e5 2. Nf3 Nc6 3. Nc3 Nf6 4. d4 exd4 5. Nxd4 Bb4 6. Nxc6 bxc6 7. Bd3 O-O 8.
O-O d5 9. exd5 cxd5 10. Bg5 c6 11. Qf3 h6 12. Bxf6 Qxf6 13. Qxf6 gxf6 14. Ne2
Rb8 15. Rad1 Bd6 16. b3 Bg4 17. h3 Bxe2 18. Bxe2 Rfe8 19. Bd3 Kf8 20. Rfe1 Rxe1+
21. Rxe1 Re8 22. Rxe8+ Kxe8 23. Kf1 Ke7 24. Ke2 Bc5 25. a4 Bb4 26. Bf5 Kd6 27.
g4 Ke5 28. Bd7 c5 29. Be8 Ke6 30. f3 Ke7 31. Bc6 1/2-1/2

[Event "TCh-CHN 2017"]
[Site "China CHN"]
[Date "2017.04.21"]
[Round "4.4"]
[Board "4"]
[White "Zhang, Xiaowen"]
[Black "Lei, Tingjie"]
[Result "1/2-1/2"]
[WhiteTitle "WGM"]
[BlackTitle "GM"]
[WhiteElo "2332"]
[BlackElo "2528"]
[WhiteTeam "Shandong"]
[BlackTeam "Chongqing"]
[WhiteFideId "8603219"]
[BlackFideId "8605114"]
[EventDate "2017.04.18"]

1. e4 c6 2. d4 d5 3. exd5 cxd5 4. Bd3 Nc6 5. c3 Nf6 6. Bf4 Bg4 7. Qb3 e5 8. dxe5
Nh5 9. Be3 Nxe5 10. Bb5+ Nc6 11. h3 Be6 12. Qd1 Nf6 13. Nf3 Bd6 14. O-O O-O 15.
Nbd2 a6 16. Bd3 Re8 17. Nb3 Ne4 18. Nbd4 Bd7 19. Qb3 Nc5 20. Qc2 Ne4 21. Qb3 Nc5
22. Qc2 Ne4 23. Qb3 1/2-1/2

[Event "TCh-CHN 2017"]
[Site "China CHN"]
[Date "2017.04.21"]
[Round "4.4"]
[Board "5"]
[White "Zhang, Lanlin"]
[Black "Tan, Zhongyi"]
[Result "0-1"]
[BlackTitle "GM"]
[WhiteElo "2183"]
[BlackElo "2517"]
[WhiteTeam "Shandong"]
[BlackTeam "Chongqing"]
[WhiteFideId "8608032"]
[BlackFideId "8603642"]
[EventDate "2017.04.18"]

1. e4 e5 2. Nf3 Nc6 3. Bc4 Bc5 4. O-O Nf6 5. d4 Bxd4 6. Nxd4 Nxd4 7. f4 d6 8.
fxe5 dxe5 9. Bg5 Qe7 10. c3 Ne6 11. Bxf6 gxf6 12. Bxe6 Bxe6 13. Na3 Rg8 14. Kh1
Rg4 15. Qd3 Qd7 16. Qe3 Qc6 17. Rae1 f5 18. h3 f4 19. Qe2 Rg3 20. Qh5 O-O-O 21.
Qxe5 Bxh3 22. Qxf4 Rdg8 23. Re3 Rxe3 0-1

[Event "TCh-CHN 2017"]
[Site "China CHN"]
[Date "2017.04.21"]
[Round "4.5"]
[Board "1"]
[White "Ma, Qun"]
[Black "Peng, Xiongjian"]
[Result "1/2-1/2"]
[WhiteTitle "GM"]
[WhiteElo "2638"]
[BlackElo "2410"]
[WhiteTeam "Hangzhou"]
[BlackTeam "Hebei"]
[WhiteFideId "8603154"]
[BlackFideId "8610550"]
[EventDate "2017.04.18"]

1. e4 c5 2. Nc3 d6 3. f4 Nc6 4. Nf3 g6 5. Bb5 Bg7 6. Bxc6+ bxc6 7. d3 Nf6 8. h3
Rb8 9. O-O O-O 10. Qe1 Nd7 11. Kh1 e6 12. e5 d5 13. b3 Ba6 14. Qg3 f6 15. Bb2
Qc7 16. Rfe1 fxe5 17. Nxe5 Rb4 18. Na4 Rf5 19. Nxd7 Bxb2 20. Nxb2 Qxd7 21. c4
Qd6 22. Re5 dxc4 23. dxc4 Qd4 24. Rb1 Rxe5 25. fxe5 Rb8 26. Qg4 Qxe5 27. Nd3 Qf5
28. Qxf5 gxf5 29. Re1 Rd8 30. Nxc5 Bc8 31. Re3 Kf7 32. Nd3 Kf6 33. g3 Rd4 34.
Kg2 Bd7 35. Kf2 Be8 36. Ke2 Bg6 37. Ke1 Rd8 38. Ne5 Be8 39. a4 Rd4 40. Nd3 h5
41. h4 e5 42. a5 e4 43. Nc5 Ke5 44. Re2 Kd6 45. Nb7+ Kc7 46. Nc5 Kd6 47. Nb7+
Kc7 48. Nc5 Kd6 1/2-1/2

[Event "TCh-CHN 2017"]
[Site "China CHN"]
[Date "2017.04.21"]
[Round "4.5"]
[Board "2"]
[White "Bai, Jinshi"]
[Black "Zhang, Ziji"]
[Result "1-0"]
[WhiteTitle "GM"]
[WhiteElo "2556"]
[BlackElo "2355"]
[WhiteTeam "Hangzhou"]
[BlackTeam "Hebei"]
[WhiteFideId "8602280"]
[BlackFideId "8609470"]
[EventDate "2017.04.18"]

1. Nf3 d5 2. g3 c6 3. Bg2 Bg4 4. O-O e6 5. d3 Nd7 6. h3 Bh5 7. c4 Ngf6 8. cxd5
cxd5 9. Qb3 Bxf3 10. Bxf3 Nc5 11. Qb5+ Qd7 12. Nc3 Be7 13. b4 Na6 14. a3 O-O 15.
Qxd7 Nxd7 16. Nb5 Ne5 17. Bg2 Nc6 18. Be3 Rfc8 19. Rac1 Nab8 20. Bc5 Bxc5 21.
Rxc5 Nd7 22. Rcc1 Kf8 23. Nd6 Rcb8 24. e4 Nd4 25. Rc7 Ke7 26. Nxb7 Rc8 27. Rxc8
Rxc8 28. exd5 Rc3 29. d6+ Kf6 30. a4 e5 31. f4 Ne2+ 32. Kh2 exf4 33. gxf4 g6 34.
Nc5 Nxc5 35. bxc5 Nd4 36. Re1 1-0